| 000 | 00641nam a22002417a 4500 | ||
|---|---|---|---|
| 003 | UA-OsUOA | ||
| 001 | 20779 | ||
| 007 | ta | ||
| 008 | 20031104b un ||||| |||| 00| 0 ukr d | ||
| 100 | _aСамошенко В. Н. | ||
| 090 |
_a930.1(470+57) _bС17 |
||
| 942 | _cBK | ||
| 040 |
_aUA-OsUOA _brus _cUA-OsUOA _dUA-OsUOA |
||
| 245 | _aИсторические архивы Москви и Петербурга (XVIII- нач. XX вв.) | ||
| 300 | _a214 с. | ||
| 955 | _a0 | ||
| 041 | _arus | ||
| 080 | _a930.1(470+57) | ||
| 260 |
_aМосква _bИзд -во ВЗПИ _c1990 |
||
| 044 | _aRU | ||
| 650 | 7 | _2UDC | |
| 999 |
_c306963 _d306963 |
||